[Event "Hoogeveen Open"]
[Site "Hoogeveen"]
[Date "2008.10.18"]
[Round "2"]
[White "Tan, Matthew"]
[Black "Grooten, Herman"]
[Result "1/2-1/2"]
[WhiteElo "2321"]
[BlackElo "2376"]
[PlyCount "94"]
[EventDate "2008.??.??"]

1. e4 c6 2. d4 d5 3. e5 Bf5 4. h4 h5 5. c4 e6 6. Nc3 Be7 7. Nf3 Bg4 8. cxd5
cxd5 9. Qb3 Qb6 10. Bb5+ Nc6 11. Na4 Qc7 12. Bg5 Bxf3 13. Qxf3 Qa5+ 14. Nc3 a6
15. Bxc6+ bxc6 16. O-O Bxg5 17. hxg5 Ne7 18. Rfd1 c5 19. dxc5 Qxc5 20. Rac1 Qb4
21. Ne2 Ng6 22. Nd4 Qxb2 23. Rb1 Qxa2 24. Nxe6 fxe6 25. Rb6 Ne7 26. Rxe6 Rd8
27. Rc1 d4 28. Qc6+ Kf8 29. Qc7 Re8 30. Qd6 Qd2 31. Rc7 Qxg5 32. Rexe7 Rxe7 33.
e6 Kg8 34. Rxe7 Kh7 35. Rc7 Re8 36. Qxa6 Qf5 37. Qb7 Qe5 38. Qb1+ Kh8 39. Qg6
Ra8 40. Rc1 h4 41. e7 Rb8 42. Qg4 Qxe7 43. Qxd4 Rb4 44. Qc5 Qxc5 45. Rxc5 Kh7
46. Kh2 Kh6 47. g3 hxg3+ 1/2-1/2

[Event "Hoogeveen Open"]
[Site "Hoogeveen"]
[Date "2008.10.18"]
[Round "2"]
[White "Strating, Sybolt"]
[Black "Ten Vergert, Paul"]
[Result "1-0"]
[WhiteElo "2335"]
[BlackElo "1980"]
[PlyCount "53"]
[EventDate "2008.??.??"]

1. d4 d5 2. c4 c6 3. e3 Nf6 4. Nc3 g6 5. Nf3 Bg7 6. Bd3 O-O 7. O-O Nbd7 8. cxd5
cxd5 9. Qb3 Nb6 10. a4 Bf5 11. Bxf5 gxf5 12. Ne5 e6 13. f4 Rb8 14. Bd2 Ng4 15.
Nxg4 fxg4 16. Nb5 a6 17. Ba5 axb5 18. Qxb5 Qd7 19. Bxb6 Qxb5 20. axb5 Rfc8 21.
Rfc1 h5 22. Bc7 Ra8 23. b6 Bf8 24. Ra7 Rxa7 25. bxa7 b5 26. Ra1 Ra8 27. Bb8 1-0

[Event "Hoogeveen Open"]
[Site "Hoogeveen"]
[Date "2008.10.18"]
[Round "2"]
[White "Hendriks, Richard"]
[Black "Grover, Sahaj"]
[Result "0-1"]
[WhiteElo "2116"]
[BlackElo "2313"]
[PlyCount "74"]
[EventDate "2008.??.??"]

1. d4 Nf6 2. Nc3 d5 3. Bg5 Nbd7 4. f3 h6 5. Bh4 c5 6. dxc5 e6 7. e4 Bxc5 8.
exd5 Qb6 9. Nge2 O-O 10. Qd3 a6 11. Bg3 exd5 12. O-O-O Re8 13. Nd4 Bb4 14. a3
Bf8 15. Nb3 Nc5 16. Nxc5 Bxc5 17. Bf4 Bd7 18. g4 Bc6 19. g5 Be3+ 20. Bxe3 Rxe3
21. Qf5 hxg5 22. Qxg5 Rxf3 23. Bg2 d4 24. Na4 Qb5 25. Qxb5 axb5 26. Bxf3 Bxf3
27. Nc5 Rc8 28. Nd3 Ng4 29. Rdf1 Bxh1 30. Rxh1 Ne3 31. Nb4 d3 32. c3 Rd8 33.
Kd2 Nc4+ 34. Kd1 Nxb2+ 35. Kd2 Nc4+ 36. Kd1 d2 37. Rg1 Nb2+ 0-1

[Event "Hoogeveen Open"]
[Site "Hoogeveen"]
[Date "2008.10.18"]
[Round "2"]
[White "Van Apeldoorn, Janton"]
[Black "Bitalzadeh, Ali"]
[Result "1/2-1/2"]
[WhiteElo "2188"]
[BlackElo "2370"]
[PlyCount "51"]
[EventDate "2008.??.??"]

1. e4 e6 2. d4 d5 3. Nd2 Nf6 4. e5 Nfd7 5. f4 c5 6. Ngf3 Nc6 7. Nb3 Qb6 8. c3
cxd4 9. Nbxd4 Bc5 10. a4 a6 11. b4 Nxd4 12. Nxd4 Bxd4 13. Qxd4 Qxd4 14. cxd4
Nb8 15. Bb2 Bd7 16. b5 axb5 17. axb5 Rxa1+ 18. Bxa1 Ke7 19. Bd3 Rc8 20. Kd2 Be8
21. Bc3 Nd7 22. Bb4+ Kd8 23. Ra1 f5 24. h3 g6 25. g4 h6 26. Ra2 1/2-1/2

[Event "Hoogeveen Open"]
[Site "Hoogeveen"]
[Date "2008.10.18"]
[Round "2"]
[White "Rademakers, Evert"]
[Black "De Jong, Migchiel"]
[Result "1-0"]
[WhiteElo "2151"]
[BlackElo "2349"]
[PlyCount "92"]
[EventDate "2008.??.??"]

1. d4 e6 2. c4 Bb4+ 3. Nd2 Nf6 4. Ngf3 b6 5. g3 Bb7 6. Bg2 O-O 7. O-O a5 8. Qc2
Bxd2 9. Bxd2 Be4 10. Qc3 d6 11. Bg5 Nbd7 12. Nd2 Bxg2 13. Kxg2 Qb8 14. e4 Qb7
15. f3 c5 16. d5 Rfe8 17. a4 h6 18. Bf4 Ne5 19. Bxe5 dxe5 20. Rad1 Rad8 21. Nb1
Qd7 22. b3 exd5 23. cxd5 Nh7 24. h4 f5 25. Na3 Nf6 26. Rde1 Nh5 27. Nc4 f4 28.
g4 Ng3 29. Nxe5 Qe7 30. Ng6 Qf7 31. h5 Nxf1 32. Rxf1 Rd6 33. Qd2 Rf6 34. e5
Rxg6 35. hxg6 Qxg6 36. Qxf4 Qc2+ 37. Rf2 Qxb3 38. e6 Kh8 39. Qf7 Rg8 40. d6 c4
41. e7 Qxa4 42. Re2 Re8 43. Qf8+ Kh7 44. Qf5+ g6 45. Qf7+ Kh8 46. Qxg6 c3 1-0

[Event "Hoogeveen Open"]
[Site "Hoogeveen"]
[Date "2008.10.18"]
[Round "2"]
[White "Tate, Alan"]
[Black "Vedder, Richard"]
[Result "1-0"]
[WhiteElo "2144"]
[BlackElo "2334"]
[PlyCount "53"]
[EventDate "2008.??.??"]

1. e4 e5 2. Nf3 Nc6 3. Bc4 Nf6 4. d3 Be7 5. O-O O-O 6. Re1 d6 7. a4 h6 8. a5 a6
9. Nbd2 Re8 10. c3 Bf8 11. Qb3 Qe7 12. Nh4 Nd7 13. Nf5 Qf6 14. Qc2 Ne7 15. Ne3
c6 16. Nf3 g5 17. d4 Ng6 18. Ng4 Qg7 19. Nxh6+ Qxh6 20. Nxg5 Nf4 21. Bxf4 exf4
22. Nxf7 Qh5 23. Nxd6+ Kh8 24. Nxe8 Qxe8 25. e5 Bh6 26. Qf5 Qe7 27. Bf7 1-0

[Event "Hoogeveen Open"]
[Site "Hoogeveen"]
[Date "2008.10.18"]
[Round "2"]
[White "Humphrey, Jonathan"]
[Black "Hoffman, Ron"]
[Result "1/2-1/2"]
[WhiteElo "2330"]
[BlackElo "2165"]
[PlyCount "59"]
[EventDate "2008.??.??"]

1. e4 g6 2. d4 Bg7 3. Nc3 d6 4. f4 a6 5. Nf3 b5 6. Bd3 Nd7 7. e5 c5 8. Ng5 Nh6
9. Qf3 Rb8 10. e6 Nf6 11. dxc5 fxe6 12. O-O O-O 13. cxd6 exd6 14. Bd2 Nf5 15.
Rae1 d5 16. Qh3 Nd4 17. Re5 Nc6 18. Rfe1 Qb6+ 19. Be3 d4 20. Bf2 h6 21. Nf3
Nxe5 22. Nxe5 Qd6 23. Ne4 Nxe4 24. Rxe4 Rxf4 25. Rxf4 Qxe5 26. Rxd4 Qg5 27. Re4
e5 28. Qg3 Qxg3 29. Bxg3 Bf5 30. Re3 1/2-1/2

[Event "Hoogeveen Open"]
[Site "Hoogeveen"]
[Date "2008.10.18"]
[Round "2"]
[White "Prasanna Raghuram, Rao"]
[Black "Van der Leest, Bert"]
[Result "1-0"]
[WhiteElo "2311"]
[BlackElo "2146"]
[PlyCount "71"]
[EventDate "2008.??.??"]

1. e4 c5 2. Nf3 d6 3. d4 cxd4 4. Nxd4 Nf6 5. Nc3 g6 6. Be3 Bg7 7. Bc4 O-O 8. h3
Nc6 9. Bb3 Nxd4 10. Bxd4 Be6 11. O-O Bxb3 12. axb3 a6 13. Re1 Rc8 14. Qd3 Re8
15. Rad1 Qc7 16. Rd2 Qc6 17. Qf3 b5 18. Nd5 Nxd5 19. exd5 Qb7 20. Bxg7 Kxg7 21.
Qd3 Rc5 22. c3 a5 23. Re4 Rec8 24. Rd4 Qd7 25. Re2 Qb7 26. Qd2 h5 27. Qd3 R8c7
28. Qe4 Rd7 29. Rd3 Rc8 30. Qd4+ Kg8 31. Rg3 Kh7 32. Qd3 Rdc7 33. Rg5 Kh8 34.
Re4 Rg8 35. Rf4 Rg7 36. Rxf7 1-0

[Event "Hoogeveen Open"]
[Site "Hoogeveen"]
[Date "2008.10.18"]
[Round "2"]
[White "Jellema, Yme Jan"]
[Black "Miedema, Roi"]
[Result "1/2-1/2"]
[WhiteElo "2129"]
[BlackElo "2307"]
[PlyCount "91"]
[EventDate "2008.??.??"]

1. e4 e6 2. d4 d5 3. Nc3 Nc6 4. e5 Nge7 5. Nf3 b6 6. a3 Nf5 7. g4 Nh4 8. Nxh4
Qxh4 9. Be3 Bd7 10. Ba6 Be7 11. Qd2 Qxg4 12. h4 f5 13. h5 f4 14. Bxf4 O-O 15.
Be3 Nxd4 16. Bxd4 c5 17. Be3 d4 18. Be2 Qf5 19. O-O-O Bc6 20. Rhg1 dxe3 21.
Qxe3 Qxf2 22. Qh6 Qf4+ 23. Qxf4 Rxf4 24. Nb5 Rf2 25. Bc4 Bxb5 26. Bxb5 Rd8 27.
Bc4 Kf7 28. Bd3 h6 29. Bg6+ Kf8 30. Rxd8+ Bxd8 31. Rd1 Bg5+ 32. Kb1 Ke7 33. Ka2
Bf4 34. Re1 a6 35. a4 c4 36. Ka3 Rf3+ 37. c3 Be3 38. Kb4 Bf4 39. Kxc4 Rf2 40.
b4 Rd2 41. Bd3 Rh2 42. Bg6 Rh3 43. Re2 Rh4 44. Re4 Bg3 45. Rxh4 Bxh4 46. Be4
1/2-1/2

[Event "Hoogeveen Open"]
[Site "Hoogeveen"]
[Date "2008.10.18"]
[Round "2"]
[White "Kuipers, Stefan"]
[Black "Akotchik, Viktor"]
[Result "1-0"]
[WhiteElo "2292"]
[BlackElo "2128"]
[PlyCount "69"]
[EventDate "2008.??.??"]

1. e4 d5 2. exd5 Nf6 3. Bb5+ Bd7 4. Be2 Nxd5 5. d4 Bf5 6. a3 e6 7. c4 Nb6 8.
Be3 c5 9. Nf3 Nc6 10. O-O Be7 11. Nc3 cxd4 12. Nxd4 Nxd4 13. Qxd4 Qxd4 14. Bxd4
O-O 15. c5 Rfd8 16. Rfd1 Nd7 17. b4 e5 18. Be3 Nf6 19. h3 Bc2 20. Rxd8+ Rxd8
21. Rc1 Bd3 22. Bxd3 Rxd3 23. b5 Ne8 24. a4 Bd8 25. g4 Kf8 26. Kf1 Ba5 27. Ne4
Rd8 28. Ke2 Ke7 29. c6 b6 30. Rc4 Nc7 31. Bc1 f6 32. h4 Ke6 33. f3 Rd4 34. Rxd4
exd4 35. Kd3 {time} 1-0

[Event "Hoogeveen Open"]
[Site "Hoogeveen"]
[Date "2008.10.18"]
[Round "2"]
[White "Galje, Hans"]
[Black "Wempe, Joost"]
[Result "0-1"]
[WhiteElo "2121"]
[BlackElo "2291"]
[PlyCount "34"]
[EventDate "2008.??.??"]

1. e4 e6 2. d4 d5 3. Nc3 Bb4 4. e5 c5 5. Bd2 Ne7 6. Nb5 Bxd2+ 7. Qxd2 O-O 8. f4
Bd7 9. Nd6 Qb6 10. c3 cxd4 11. cxd4 Nc8 12. Nxc8 Rxc8 13. Nf3 Bb5 14. g4 Nc6
15. Bh3 Ba6 16. a3 Qb3 17. Bg2 Nxe5 0-1

[Event "Hoogeveen Open"]
[Site "Hoogeveen"]
[Date "2008.10.18"]
[Round "2"]
[White "Lammens, Tim"]
[Black "Colijn, Stefan"]
[Result "1-0"]
[WhiteElo "2288"]
[BlackElo "2118"]
[PlyCount "69"]
[EventDate "2008.??.??"]

1. Nf3 c5 2. g3 d5 3. Bg2 Nc6 4. O-O e5 5. d3 Nf6 6. e4 dxe4 7. dxe4 Qxd1 8.
Rxd1 Bg4 9. Nbd2 O-O-O 10. Rf1 Nb4 11. Nxe5 Nxc2 12. Nxg4 Nxg4 13. Rb1 Ne5 14.
Nf3 Bd6 15. Nh4 Nd3 16. Nf5 Bf8 17. Bd2 g6 18. Bc3 Rg8 19. Bf6 gxf5 20. Bxd8
Kxd8 21. Rfd1 c4 22. Rbc1 Ncb4 23. Rxc4 Ke7 24. a3 Kf6 25. Rc8 Nxb2 26. Rdd8
Nc6 27. Rxf8 Rxf8 28. Rxf8 Nc4 29. exf5 Ke7 30. Ra8 Nb6 31. Rh8 Nc4 32. a4 Nb6
33. Bxc6 bxc6 34. a5 Nc4 35. Ra8 1-0

[Event "Hoogeveen Open"]
[Site "Hoogeveen"]
[Date "2008.10.18"]
[Round "2"]
[White "Haitsma, Anne"]
[Black "Archangelsky, Mikhail"]
[Result "1/2-1/2"]
[WhiteElo "2107"]
[BlackElo "2276"]
[PlyCount "114"]
[EventDate "2008.??.??"]

1. d4 d5 2. c4 e6 3. Nc3 c6 4. e3 Bd6 5. Bd3 f5 6. Qc2 Nf6 7. cxd5 cxd5 8. Nf3
Nc6 9. a3 O-O 10. O-O Bd7 11. b4 Rc8 12. Bb2 Ne4 13. Rac1 a6 14. Qb3 Rf6 15.
Rc2 Rh6 16. g3 g5 17. Be2 g4 18. Ne5 Bxe5 19. Nxe4 fxe4 20. dxe5 Qg5 21. Kg2
Rf8 22. a4 Qh5 23. h4 gxh3+ 24. Kh2 Qf5 25. b5 axb5 26. axb5 Nd8 27. f4 exf3
28. Rxf3 Qe4 29. Rxf8+ Kxf8 30. Bf1 Qf5 31. Qd3 Qf3 32. Qe2 Qxe2+ 33. Bxe2 Ke8
34. Bd3 Nf7 35. Rf2 Rh5 36. g4 Rg5 37. Kxh3 Nxe5 38. Ba3 Rg8 39. Bxh7 Rh8 40.
Kg3 Bxb5 41. Bb2 Rxh7 42. Bxe5 Bd3 43. Rh2 Rxh2 44. Kxh2 Kd7 45. Kg3 Kc6 46.
Kf2 Kb5 47. Ke1 Kc4 48. Kd2 b5 49. g5 Be4 50. Bd4 b4 51. Be5 Kb5 52. Kc1 Kc5
53. Kd2 Kc6 54. Kc1 b3 55. Kb2 Bc2 56. g6 Bxg6 57. Kxb3 Be4 1/2-1/2

[Event "Hoogeveen Open"]
[Site "Hoogeveen"]
[Date "2008.10.18"]
[Round "2"]
[White "Van der Elburg, Freddie"]
[Black "Van der Veen, Jan"]
[Result "1/2-1/2"]
[WhiteElo "2269"]
[BlackElo "2114"]
[PlyCount "33"]
[EventDate "2008.??.??"]

1. c4 Nf6 2. g3 g6 3. Bg2 Bg7 4. Nc3 d6 5. e4 O-O 6. Nge2 c5 7. O-O Nc6 8. a3
Ne8 9. Rb1 a5 10. d3 Nc7 11. Be3 Ne6 12. Nd5 Ned4 13. Nxd4 Nxd4 14. b4 axb4 15.
axb4 e6 16. Bxd4 Bxd4 17. Nf4 1/2-1/2

[Event "Hoogeveen Open"]
[Site "Hoogeveen"]
[Date "2008.10.18"]
[Round "2"]
[White "Potze, Rudolf"]
[Black "Van Kooten, Luuk"]
[Result "0-1"]
[WhiteElo "2105"]
[BlackElo "2263"]
[PlyCount "106"]
[EventDate "2008.??.??"]

1. e4 e6 2. d4 d5 3. e5 c5 4. c3 Nc6 5. Nf3 Bd7 6. a3 c4 7. Nbd2 Na5 8. g3 Bc6
9. Bg2 Qd7 10. O-O Ba4 11. Qe2 Ne7 12. Ne1 O-O-O 13. f4 Kb8 14. Bh3 g6 15. Rb1
h5 16. Ndf3 Ng8 17. Be3 Nh6 18. Ng5 Nc6 19. Bg2 Be7 20. Nef3 Rdf8 21. Rbe1 Kc7
22. Bf2 Ng4 23. h3 Nxf2 24. Rxf2 Nd8 25. g4 Bc6 26. Qc2 Rfg8 27. Bf1 Ba4 28.
Qd2 a5 29. Be2 hxg4 30. hxg4 Rh6 31. Rh2 Rxh2 32. Kxh2 Rh8+ 33. Kg2 b5 34. Rh1
Rxh1 35. Kxh1 b4 36. axb4 axb4 37. cxb4 Qb5 38. Bd1 Bxd1 39. Qxd1 Qxb4 40. Qc2
Bxg5 41. Nxg5 Qe1+ 42. Kg2 Qe3 43. Qf2 Qc1 44. Kg3 Kb6 45. Kh4 Kb5 46. f5 Qh1+
47. Kg3 gxf5 48. gxf5 Qh5 49. Kf4 exf5 50. Kxf5 Ne6 51. Qe3 Kc6 52. Qd2 Kd7 53.
Qe3 Ke8 0-1

[Event "Hoogeveen Open"]
[Site "Hoogeveen"]
[Date "2008.10.18"]
[Round "2"]
[White "Clemens, Adrian"]
[Black "Groenewold, Jan Joris"]
[Result "0-1"]
[WhiteElo "2261"]
[BlackElo "2106"]
[PlyCount "72"]
[EventDate "2008.??.??"]

1. d4 Nf6 2. c4 e6 3. Nc3 Bb4 4. Qc2 b6 5. e4 c5 6. dxc5 Bb7 7. e5 Ne4 8. cxb6
Qxb6 9. f3 Nxc3 10. bxc3 Bc5 11. Nh3 Qc7 12. Bf4 Nc6 13. Rb1 Rb8 14. Bd3 Nxe5
15. Ke2 Bb6 16. Rb5 d6 17. Bxe5 dxe5 18. Rhb1 O-O 19. Bxh7+ Kh8 20. c5 Bxc5 21.
Qa4 g6 22. Qh4 Kg7 23. Bxg6 Rh8 24. Qg4 fxg6 25. Ng5 Bd5 26. c4 Rxb5 27. Rxb5
Qc6 28. a4 Bd4 29. Rb7+ Qxb7 30. cxd5 Qb2+ 31. Kd1 Qb3+ 32. Ke1 Qe3+ 33. Kd1
Qd3+ 34. Ke1 Bc3+ 35. Kf2 Qd2+ 36. Kg3 Qe1# 0-1

[Event "Hoogeveen Open"]
[Site "Hoogeveen"]
[Date "2008.10.18"]
[Round "2"]
[White "Sparenberg, Erik"]
[Black "Hovenga, Alje"]
[Result "1-0"]
[WhiteElo "2041"]
[BlackElo "2253"]
[PlyCount "117"]
[EventDate "2008.??.??"]

1. e4 c6 2. d4 d5 3. exd5 cxd5 4. Nf3 Nf6 5. c4 e6 6. Nc3 Bb4 7. a3 Bxc3+ 8.
bxc3 O-O 9. Be2 dxc4 10. O-O Qc7 11. Ne5 Nd5 12. Qc2 Nd7 13. Nxc4 b5 14. Ne3
Qxc3 15. Qxc3 Nxc3 16. Bf3 Ba6 17. Bxa8 Rxa8 18. Re1 Bb7 19. Bd2 Nd5 20. Rab1
a6 21. a4 Nxe3 22. Rxe3 Bc6 23. Rc3 Be4 24. Rbc1 Nb6 25. axb5 axb5 26. Rb3 Nc4
27. Bf4 Bc6 28. h4 f6 29. Re1 Kf7 30. Rbb1 h5 31. Ra1 Rd8 32. Ra7+ Rd7 33.
Rxd7+ Bxd7 34. f3 Bc6 35. Kf2 Nb2 36. Rb1 Nc4 37. Ra1 Bd7 38. Ke2 Nb6 39. Bd6
Nd5 40. Ra7 Ke8 41. g4 g6 42. Kd3 hxg4 43. fxg4 e5 44. dxe5 Bxg4 45. Kd4 Nb6
46. exf6 Nd7 47. Be5 Be6 48. Ke4 b4 49. Kf4 b3 50. Bd4 Bd5 51. Kg5 Nf8 52. Bb2
Ne6+ 53. Kxg6 Nf4+ 54. Kg7 Nh5+ 55. Kh6 Nf4 56. Re7+ Kf8 57. Ba3 Kg8 58. Rg7+
Kh8 59. f7 1-0

[Event "Hoogeveen Open"]
[Site "Hoogeveen"]
[Date "2008.10.18"]
[Round "2"]
[White "Van der Velde, Wytse"]
[Black "Chapman, Terry P D"]
[Result "0-1"]
[WhiteElo "1978"]
[BlackElo "2240"]
[PlyCount "88"]
[EventDate "2008.??.??"]

1. e4 d6 2. d4 Nf6 3. Nc3 g6 4. f4 Bg7 5. Nf3 O-O 6. Bd3 Na6 7. O-O c5 8. d5
Bg4 9. h3 Bxf3 10. Rxf3 Nc7 11. Qe2 a6 12. a4 e6 13. dxe6 Nxe6 14. Rf1 Nd4 15.
Qf2 Rb8 16. Be3 Nd7 17. Nd5 b5 18. axb5 axb5 19. c3 Nb3 20. Rad1 Re8 21. f5 Ne5
22. Bc2 Na5 23. f6 Bf8 24. Bxc5 dxc5 25. Ne7+ Bxe7 26. Rxd8 Bxd8 27. g4 Re6 28.
g5 c4 29. Qh4 Bb6+ 30. Kh1 Bc5 31. Rd1 Rd6 32. Rd5 Rxd5 33. exd5 Nb7 34. b4
cxb3 35. Bxb3 Bd6 36. Bc2 Nc5 37. Qh6 Bf8 38. Qh4 Ra8 39. Qd4 Bd6 40. h4 Ra1+
41. Kg2 Ra2 42. Qd1 Nc4 43. Kf3 Ra3 44. Qd4 b4 0-1

[Event "Hoogeveen Open"]
[Site "Hoogeveen"]
[Date "2008.10.18"]
[Round "2"]
[White "Cako, Laszlo"]
[Black "Mellema, Andries"]
[Result "0-1"]
[WhiteElo "2233"]
[BlackElo "2097"]
[PlyCount "64"]
[EventDate "2008.??.??"]

1. e4 e6 2. d4 d5 3. Nc3 Bb4 4. e5 c5 5. a3 Bxc3+ 6. bxc3 Ne7 7. Nf3 b6 8. a4
Qc7 9. Bb5+ Bd7 10. Bd3 h6 11. O-O Nbc6 12. Re1 O-O 13. Ba3 Na5 14. Nh4 Bxa4
15. Qg4 c4 16. Bc1 Kh8 17. Rxa4 cxd3 18. cxd3 Qxc3 19. Rf1 Rac8 20. h3 Qxd3 21.
Qh5 Kh7 22. Ra3 Rc3 23. Rxc3 Qxc3 24. Nf3 Qd3 25. Nh2 Qf5 26. Qd1 Rc8 27. f4
Qc2 28. Qg4 Qe4 29. Nf3 Rxc1 30. Qh4 Qe3+ 31. Kh2 Rxf1 32. Qxe7 Qxf4+ 0-1

[Event "Hoogeveen Open"]
[Site "Hoogeveen"]
[Date "2008.10.19"]
[Round "3"]
[White "Haslinger, Stewart"]
[Black "Gupta, Abhijeet"]
[Result "1/2-1/2"]
[WhiteElo "2506"]
[BlackElo "2580"]
[PlyCount "81"]
[EventDate "2008.??.??"]

1. e4 e5 2. Nf3 Nc6 3. d4 exd4 4. Nxd4 Nf6 5. Nxc6 bxc6 6. e5 Qe7 7. Qe2 Nd5 8.
c4 Nb6 9. Nc3 Qe6 10. Qe4 g6 11. Bd2 Bg7 12. c5 Nd5 13. Bc4 Qxe5 14. Qxe5+ Bxe5
15. O-O-O O-O 16. Bxd5 cxd5 17. Nxd5 Bb7 18. Ba5 Rfe8 19. Rhe1 Rac8 20. g3 g5
21. Nxc7 Bxc7 22. Rxe8+ Rxe8 23. Bxc7 Bc6 24. f4 gxf4 25. Bxf4 Re4 26. b3 f6
27. Rd6 Kf7 28. Kd2 h5 29. h4 a6 30. Be3 Ke7 31. a4 Re5 32. Rd3 Rf5 33. Bd4 Rf3
34. Rxf3 Bxf3 35. Kc3 Bd1 36. Kb4 f5 37. Ka3 Ke6 38. b4 Kd5 39. Be3 d6 40. cxd6
Kxd6 41. Bf4+ 1/2-1/2

[Event "Hoogeveen Open"]
[Site "Hoogeveen"]
[Date "2008.10.19"]
[Round "3"]
[White "Di Berardino, Diego Rafael"]
[Black "Ikonnikov, Vyacheslav"]
[Result "1/2-1/2"]
[WhiteElo "2502"]
[BlackElo "2571"]
[PlyCount "29"]
[EventDate "2008.??.??"]

1. e4 e6 2. d4 d5 3. Nc3 Nf6 4. Bg5 Bb4 5. Nge2 dxe4 6. a3 Be7 7. Bxf6 Bxf6 8.
Nxe4 O-O 9. Qd2 e5 10. O-O-O exd4 11. Nxf6+ Qxf6 12. Qxd4 Nd7 13. Nc3 Qxd4 14.
Rxd4 Nf6 15. Bc4 1/2-1/2

[Event "Hoogeveen Open"]
[Site "Hoogeveen"]
[Date "2008.10.19"]
[Round "3"]
[White "Agamaliev, Gamil"]
[Black "Nijboer, Friso"]
[Result "0-1"]
[WhiteElo "2479"]
[BlackElo "2540"]
[PlyCount "86"]
[EventDate "2008.??.??"]

1. e4 c5 2. Nf3 Nc6 3. Nc3 d6 4. d4 cxd4 5. Nxd4 Nf6 6. Bg5 e6 7. Qd2 Be7 8.
O-O-O O-O 9. f4 h6 10. Bh4 Bd7 11. Nf3 Qa5 12. Kb1 Rfc8 13. Bd3 Nb4 14. a3 Nxd3
15. cxd3 Qd8 16. g4 b5 17. g5 hxg5 18. fxg5 Nh5 {Diagram #} 19. g6 Bxh4 20.
gxf7+ Kxf7 21. Rdf1 Kg8 22. Rhg1 Rxc3 23. Qxc3 Bf6 24. d4 b4 25. axb4 Bb5 26.
Rd1 d5 27. Ne5 dxe4 28. Qh3 Nf4 29. Qg4 Bxe5 30. dxe5 Qf8 31. Rdf1 Bxf1 32.
Rxf1 Qxb4 33. Rxf4 Qe1+ 34. Ka2 Qa5+ 35. Kb1 Qe1+ 36. Ka2 Qa5+ 37. Kb1 Qxe5 38.
Rxe4 Qf5 39. Qe2 Rd8 40. Qc4 Rd5 41. Ka2 Ra5+ 42. Kb3 Qb5+ 43. Qb4 Qd3+ 0-1

[Event "Hoogeveen Open"]
[Site "Hoogeveen"]
[Date "2008.10.19"]
[Round "3"]
[White "Neelotpal, Das"]
[Black "Mekhitarian, Krikor Sevag"]
[Result "1/2-1/2"]
[WhiteElo "2477"]
[BlackElo "2511"]
[PlyCount "160"]
[EventDate "2008.??.??"]

1. d4 Nf6 2. Nf3 g6 3. Bg5 Bg7 4. Nbd2 O-O 5. e4 d5 6. exd5 Nxd5 7. Nb3 a5 8.
a4 h6 9. Bd2 b6 10. c3 Ba6 11. Bxa6 Nxa6 12. O-O c5 13. Qe2 Qc7 14. Rfe1 c4 15.
Nc1 Rac8 16. Qe4 e6 17. Ne2 Qd8 18. Ng3 Nb8 19. Qc2 Nd7 20. Re2 Qc7 21. Qc1 Kh7
22. h4 Rce8 23. Qc2 Kg8 24. Rae1 h5 25. Bg5 N7f6 26. Ne5 Nh7 27. Bd2 Rc8 28.
Nf1 Rfe8 29. Nh2 Nf8 30. Nhf3 Ne7 31. Bf4 Qb7 32. Nd2 Qd5 33. Ne4 Nf5 34. Ng3
Nxh4 35. Ne4 f6 36. Bg3 fxe5 37. Bxh4 exd4 38. cxd4 Nh7 39. Bg3 Rc6 40. Nc3 Qf5
41. Qxf5 gxf5 42. d5 Bxc3 43. bxc3 Rc5 44. Rxe6 Rxe6 45. dxe6 Nf6 46. Bh4 Ne8
47. Rb1 Rc6 48. Bd8 Rxe6 49. Bxb6 Re5 50. Bd4 Rd5 51. Rb7 f4 52. Kf1 Rg5 53.
Ke2 Nd6 54. Rb8+ Kf7 55. Kf3 Ke6 56. Ra8 Kd7 57. Kxf4 Rxg2 58. Rxa5 h4 59. Rh5
Rg8 60. a5 Rf8+ 61. Kg4 Ne4 62. a6 Kc7 63. a7 Kb7 64. Kxh4 Ka8 65. Rb5 Nd2 66.
Kg4 Rg8+ 67. Kf4 Rf8+ 68. Rf5 Re8 69. Rc5 Rf8+ 70. Ke3 Nb3 71. Rxc4 Re8+ 72.
Kd3 Na5 73. Rb4 Rd8 74. Rb6 Nb7 75. Rb5 Rf8 76. Rh5 Nd8 77. f4 Ne6 78. Be5
Nxf4+ 79. Bxf4 Rxf4 80. Ra5 Rf3+ 1/2-1/2

[Event "Hoogeveen Open"]
[Site "Hoogeveen"]
[Date "2008.10.19"]
[Round "3"]
[White "Spoelman, Wouter"]
[Black "L'Ami, Erwin"]
[Result "1-0"]
[WhiteElo "2459"]
[BlackElo "2610"]
[PlyCount "65"]
[EventDate "2008.??.??"]

1. e4 e5 2. Nf3 Nc6 3. Bb5 a6 4. Ba4 Nf6 5. O-O b5 6. Bb3 Bb7 7. c3 Nxe4 8. d4
Na5 9. Bc2 exd4 10. Nxd4 c5 11. Nf5 d5 12. a4 g6 13. f3 Ng5 14. Qe2+ Ne6 15.
Qe5 Rg8 16. Nh6 Nc6 17. Qe2 Bxh6 18. Bxh6 {Diagram #} g5 19. axb5 axb5 20. Rxa8
Bxa8 21. f4 gxf4 22. Bxf4 d4 23. Bg3 c4 24. Qh5 Qe7 25. Qxb5 d3 26. Ba4 Qa7+
27. Kh1 Nc5 28. Re1+ Kd8 29. Bd1 Nd7 30. Qxc4 Nce5 31. Bh4+ Nf6 32. Bxf6+ Kd7
33. Ba4+ 1-0

[Event "Hoogeveen Open"]
[Site "Hoogeveen"]
[Date "2008.10.19"]
[Round "3"]
[White "Negi, Parimarjan"]
[Black "Pruijssers, Roeland"]
[Result "1/2-1/2"]
[WhiteElo "2597"]
[BlackElo "2458"]
[PlyCount "120"]
[EventDate "2008.??.??"]

1. e4 e5 2. Bc4 Nf6 3. d3 c6 4. Nf3 Be7 5. O-O d6 6. c3 Nbd7 7. Nbd2 Nf8 8. Bb3
Ng6 9. Re1 O-O 10. d4 Qc7 11. Nf1 d5 12. dxe5 Nxe4 13. Bc2 Bg4 14. Bxe4 dxe4
15. Rxe4 Rad8 16. Bd2 Bxf3 17. Qxf3 Nxe5 18. Qe2 Bd6 19. Bf4 Ng6 20. Bxd6 Qxd6
21. h4 f5 22. Rd4 Qf6 23. Rad1 Nxh4 24. Rxd8 Rxd8 25. Rxd8+ Qxd8 26. g3 Ng6 27.
Qe6+ Kh8 28. Qxf5 Qe8 29. Ne3 Nf8 30. Nc4 Qe7 31. Ne5 Kg8 32. a4 Qe6 33. Qf4 b6
34. a5 bxa5 35. Qd4 h6 36. f4 Qa2 37. Qc4+ Qxc4 38. Nxc4 Ne6 39. Nxa5 Nd8 40.
Kf2 Kf7 41. Ke3 h5 42. Ke4 Kf6 43. b4 g5 44. c4 gxf4 45. Kxf4 a6 46. Nb3 Ne6+
47. Ke4 Ng5+ 48. Ke3 Kf5 49. Nd4+ Kg4 50. Nxc6 Kxg3 51. Nd4 h4 52. Nf5+ Kg4 53.
Nxh4 Kxh4 54. Kd4 Kg4 55. Kd5 Kf5 56. c5 Ne6 57. Kc6 Ke5 58. Kb6 Kd5 59. Kxa6
Nxc5+ 60. bxc5 Kxc5 1/2-1/2

[Event "Hoogeveen Open"]
[Site "Hoogeveen"]
[Date "2008.10.19"]
[Round "3"]
[White "Kaplan, Sasha"]
[Black "Kempinski, Robert"]
[Result "0-1"]
[WhiteElo "2425"]
[BlackElo "2595"]
[PlyCount "104"]
[EventDate "2008.??.??"]

1. e4 c5 2. Nf3 d6 3. d4 cxd4 4. Nxd4 Nf6 5. Nc3 a6 6. Be2 e6 7. O-O Be7 8. f4
O-O 9. Be3 Nc6 10. Kh1 Qc7 11. Qe1 Na5 12. Rd1 b5 13. Bf3 Bb7 14. e5 Ne8 15.
Qg3 Bxf3 16. Qxf3 Rd8 17. exd6 Nxd6 18. f5 b4 19. Ne4 Nxe4 20. Qxe4 e5 21. Nf3
f6 22. Nd2 Kh8 23. Rc1 Qc6 24. c3 bxc3 25. Rxc3 Qb5 26. Rb1 Bb4 27. Rc2 Bxd2
28. Bxd2 Rd4 29. Qe1 Nc4 30. Rbc1 Rfd8 31. b3 Nd6 32. Be3 Rd5 33. Qf1 Qd3 34.
Qxd3 Rxd3 35. Bb6 Re8 36. g4 h5 37. gxh5 Nxf5 38. Rc8 Rxc8 39. Rxc8+ Kh7 40.
Ra8 Rd1+ 41. Kg2 Rd2+ 42. Kh3 Rxa2 43. b4 Ra3+ 44. Kg2 e4 45. Re8 Nh4+ 46. Kf2
f5 47. Re7 Kh6 48. Be3+ Kxh5 49. Rxg7 Ra2+ 50. Kf1 Ng6 51. Rh7+ Kg4 52. Rh6 Nf4
0-1

[Event "Hoogeveen Open"]
[Site "Hoogeveen"]
[Date "2008.10.19"]
[Round "3"]
[White "Ernst, Sipke"]
[Black "Vedder, Henk"]
[Result "1-0"]
[WhiteElo "2576"]
[BlackElo "2358"]
[PlyCount "79"]
[EventDate "2008.??.??"]

1. Nf3 d5 2. c4 d4 3. g3 g6 4. Bg2 Bg7 5. O-O e5 6. e3 Ne7 7. exd4 exd4 8. d3
c5 9. b4 cxb4 10. a3 b3 11. Nbd2 O-O 12. Nxb3 Nbc6 13. a4 Re8 14. a5 Nb4 15.
Ng5 Nec6 16. Ne4 Ne5 17. a6 Rb8 18. Bg5 f6 19. Bd2 bxa6 20. c5 Nexd3 21. Nd6
Re5 22. Nxd4 Nxc5 23. Bxb4 Qxd6 24. Nc6 Qxd1 25. Rfxd1 Rxb4 26. Rd8+ Bf8 27.
Rxc8 Ra4 28. Rd1 Re2 29. Bf3 Rc2 30. Rdd8 Kg7 31. Nd4 Rc1+ 32. Kg2 Kh6 33. Ne2
Rca1 34. Rxf8 Nd3 35. Rxf6 Kg5 36. Rf7 Ne1+ 37. Kh3 R1a3 38. Bg4 h5 39. f4+
Rxf4 40. Rxf4 1-0

[Event "Hoogeveen Open"]
[Site "Hoogeveen"]
[Date "2008.10.19"]
[Round "3"]
[White "Safarli, Eltaj"]
[Black "Slingerland, Fred"]
[Result "1-0"]
[WhiteElo "2568"]
[BlackElo "2373"]
[PlyCount "57"]
[EventDate "2008.??.??"]

1. e4 c5 2. Nf3 Nc6 3. Bb5 g6 4. c3 Bg7 5. d4 Qb6 6. Ba4 cxd4 7. cxd4 Nxd4 8.
Nc3 e6 9. Nxd4 Qxd4 10. Qc2 a6 11. O-O Ne7 12. Bf4 Qc4 13. Bd6 b5 14. Bb3 Qc6
15. Rfd1 Bb7 16. Qd2 Nc8 17. Bf4 d6 18. Rac1 Qb6 19. e5 d5 20. Bxd5 O-O 21. Be3
Qc7 22. Ne4 Qb8 23. Nf6+ Bxf6 24. Bxb7 Qxb7 25. exf6 Kh8 26. Bc5 Rg8 27. Qh6
Na7 28. Bxa7 Rxa7 29. Rd3 1-0